000 00193 a2200097 4500
020 _a9789707753150
041 _aspa
100 _aPare, Roger
245 _aLos l̀“aceres de la musica
942 _cBK
999 _c4543
_d4543